Social work models, methods and theories : (Record no. 585967)
[ view plain ]
| 000 -LEADER | |
|---|---|
| fixed length control field | 00892cam a2200253 a 4500 |
| 020 ## - INTERNATIONAL STANDARD BOOK NUMBER | |
| International Standard Book Number | 190554183X |
| 020 ## - INTERNATIONAL STANDARD BOOK NUMBER | |
| International Standard Book Number | 9781905541836 |
| 082 04 - DEWEY DECIMAL CLASSIFICATION NUMBER | |
| Classification number | 361.30941 |
| 245 00 - TITLE STATEMENT | |
| Title | Social work models, methods and theories : |
| Remainder of title | a framework for practice / |
| Statement of responsibility, etc. | edited by Paul Stepney and Deirdre Ford. |
| 250 ## - EDITION STATEMENT | |
| Edition statement | 2nd ed. |
| 260 ## - PUBLICATION, DISTRIBUTION, ETC. | |
| Place of publication, distribution, etc. | Lyme Regis : |
| Name of publisher, distributor, etc. | Russell House, |
| Date of publication, distribution, etc. | 2012. |
| 300 ## - PHYSICAL DESCRIPTION | |
| Extent | xviii, 305 p. : |
| Other physical details | ill. ; |
| Dimensions | 21 cm. |
| 504 ## - BIBLIOGRAPHY, ETC. NOTE | |
| Bibliography, etc. note | Includes bibliographical references and index. |
| 650 #0 - SUBJECT ADDED ENTRY--TOPICAL TERM | |
| Topical term or geographic name entry element | Social case work |
| 650 #0 - SUBJECT ADDED ENTRY--TOPICAL TERM | |
| Topical term or geographic name entry element | Social service |
| 650 #0 - SUBJECT ADDED ENTRY--TOPICAL TERM | |
| Topical term or geographic name entry element | Social service |
| 700 1# - ADDED ENTRY--PERSONAL NAME | |
| Personal name | Stepney, Paul. |
| 700 1# - ADDED ENTRY--PERSONAL NAME | |
| Personal name | Ford, Deirdre. |
| 942 ## - ADDED ENTRY ELEMENTS (KOHA) | |
| Source of classification or shelving scheme | |
| Koha item type | Book |
| 650 #0 - SUBJECT ADDED ENTRY--TOPICAL TERM | |
| -- | 81018 |
| 650 #0 - SUBJECT ADDED ENTRY--TOPICAL TERM | |
| -- | 81019 |
| 650 #0 - SUBJECT ADDED ENTRY--TOPICAL TERM | |
| -- | 81020 |
| 700 1# - ADDED ENTRY--PERSONAL NAME | |
| -- | 81021 |
| 700 1# - ADDED ENTRY--PERSONAL NAME | |
| -- | 81022 |
| Withdrawn status | Lost status | Source of classification or shelving scheme | Damaged status | Not for loan | Permanent Location | Current Location | Date acquired | Total Checkouts | Full call number | Barcode | Date last seen | Price effective from | Koha item type |
|---|---|---|---|---|---|---|---|---|---|---|---|---|---|
| Central Library (CL) | Central Library (CL) | 07/19/2021 | 361.30941 STE | CL-567 | 07/19/2021 | 07/19/2021 | Book |
